000 00657nam a2200205Ii 4500
003 JO-AjNU
008 230605s9999||||xx |||||||||||||| ||und||
040 _aJO-AjNU
_bara
_erda
_cJO-AjNU
041 _aara
050 1 4 _aJX1905.D3488.1987
100 3 _a الدقاق ، محمد السعيد ,
_eauthor
_99064
245 0 0 _aدروس في القانون الدولى
250 _a(د،ط)
264 3 1 _aالاسكندرية : دار المطبوعات الجامعية ، 1987
300 _a245ص
336 _atext
_btxt
_2rdacontent
337 _aunmediated
_bn
_2rdamedia
338 _avolume
_bnc
_2rdacarrier
650 4 _aقانون دولي
_99065
999 _aA1108
_c4676
_d4676